Normale Ansicht MARC-Ansicht ISBD

Oderfisch und Markendorfer Äpfel. (Titelsatznr. 371573)

[ MARC ]
MARC-Details
000 -Satzkennung
Kontrollfeld mit fester Länge 00795nam a22001817a 4500
008 - Feld mit fester Länge zur physischen Beschreibung - Allgemeine Angaben
Kontrollfeld mit fester Länge 201127b ||||| |||| 00| 0 eng d
040 ## - Katalogisierungsquelle
Original-Katalogisierungsstelle DE-2950
Katalogisierungssprache ger
Übertragungsstelle DE-2950
Beschreibungsfestlegungen rda
041 ## - Sprachcode
Sprachcode des Textes/der Tonspur oder des separaten Titels ger
245 ## - Titel
Haupttitel Oderfisch und Markendorfer Äpfel.
Titelzusatz Ernährung: Discounter bieten Obst und Gemüse aus aller Herren Länder. Laut Umfrage ist vielen menschen jedoch Regionalität beim Lebensmittelkauf wichtig. In Frankfurt gibt es da viele Möglichkeiten/
Verantwortlichkeitsangabe Philipp Stepputtis
264 ## - Veröffentlichungsangabe, Vertriebsangabe, Herstellungsangabe
Erscheinungs-, Vertriebs-, Herstellungsdatum 2022
653 ## - Lokales Schlagwort
Nicht-normierter Term Frankfurt (Oder)
653 ## - Lokales Schlagwort
Nicht-normierter Term Regionale Lebensmittel
773 ## - Übergeordnete Einheit
Ort, Verlag und Erscheinungsjahr Frankfurt (Oder) Märkisches Verlags- und Druckhaus GmbH & Co KG
Titel Märkische Oderzeitung
Verknüpfungsangaben 33. Jahrgang (2022) Nr. 82 vom 07.04.2022, S. 15
942 ## - Zusätzliche Felder (Koha)
Koha-Medientyp Aufsätze
Exemplare
Ausgeschieden Verloren Beschädigt Nicht entleihbar Permanenter Standort Aktueller Standort Aufstellungsort Eingabedatum Anzahl Ausleihen Signatur Letzte Aktivität Preis gültig von Medientyp
        Stadtarchiv Frankfurt (Oder) | Archivbibliothek Stadtarchiv Frankfurt (Oder) | Archivbibliothek Magazin 21/04/2022   Z2 21/04/2022 21/04/2022 Aufsätze